<?xml version="1.0" encoding="UTF-8"?>
<record
    xmlns:xsi="http://www.w3.org/2001/XMLSchema-instance"
    xsi:schemaLocation="http://www.loc.gov/MARC21/slim http://www.loc.gov/standards/marcxml/schema/MARC21slim.xsd"
    xmlns="http://www.loc.gov/MARC21/slim">

  <leader>01880cam a22001938i 4500</leader>
  <datafield tag="999" ind1=" " ind2=" ">
    <subfield code="c">39159</subfield>
    <subfield code="d">39159</subfield>
  </datafield>
  <datafield tag="020" ind1=" " ind2=" ">
    <subfield code="a">9780367504854</subfield>
  </datafield>
  <datafield tag="020" ind1=" " ind2=" ">
    <subfield code="a">9780367505455</subfield>
  </datafield>
  <datafield tag="082" ind1="0" ind2="0">
    <subfield code="a">305.4095492</subfield>
    <subfield code="b">NAH-C</subfield>
  </datafield>
  <datafield tag="100" ind1="1" ind2=" ">
    <subfield code="a">Nahar, Papreen,</subfield>
  </datafield>
  <datafield tag="245" ind1="1" ind2="0">
    <subfield code="a">Childlessness in Bangladesh :</subfield>
    <subfield code="b">intersectionality, suffering and resilience /</subfield>
    <subfield code="c">Papreen Nahar.</subfield>
  </datafield>
  <datafield tag="260" ind1=" " ind2=" ">
    <subfield code="a">Newyork:</subfield>
    <subfield code="b">Routledge:</subfield>
    <subfield code="c">2022.</subfield>
  </datafield>
  <datafield tag="300" ind1=" " ind2=" ">
    <subfield code="a">210p.</subfield>
  </datafield>
  <datafield tag="504" ind1=" " ind2=" ">
    <subfield code="a">Includes bibliographical references and index.</subfield>
  </datafield>
  <datafield tag="520" ind1=" " ind2=" ">
    <subfield code="a">"This book examines the various dimensions of infertility in the context of Bangladesh, based on ethnographic research conducted on the embodied experience of rural and urban women. Childless women in Bangladesh, an over-populated country where fertility control is the primary focus of health policy, are all but non-existent. Papreen Nahar offers an alarming account of stigma, abuse, ostracism and violence against these women, sharing their experiences of marginalisation in a culture that idealises motherhood. In such a reality, the experience of childlessness, particularly for women, can be much more severe than what is defined as 'infertility' in the biomedical sense. As childlessness is a complex interaction between biology, society and culture, the book illustrates the ways in which infertility transforms a health problem into social suffering. Although Bangladeshi childless women are systematically excluded by various structural forces, it appears they do not succumb to their circumstances; rather, they develop resilience and agency to become survivors of their new, albeit bleak, lives. The volume will be of interest to scholars working in anthropology, reproductive and women's health, global health, gender studies, development studies and Asian studies"--</subfield>
  </datafield>
  <datafield tag="650" ind1=" " ind2="0">
    <subfield code="a">Women</subfield>
    <subfield code="z">Bangladesh.</subfield>
  </datafield>
  <datafield tag="650" ind1=" " ind2="0">
    <subfield code="a">Childlessness</subfield>
    <subfield code="z">Bangladesh.</subfield>
  </datafield>
  <datafield tag="650" ind1=" " ind2="0">
    <subfield code="a">Infertility</subfield>
    <subfield code="x">Political aspects</subfield>
    <subfield code="z">Bangladesh.</subfield>
  </datafield>
  <datafield tag="942" ind1=" " ind2=" ">
    <subfield code="2">ddc</subfield>
    <subfield code="c">BK</subfield>
  </datafield>
  <datafield tag="952" ind1=" " ind2=" ">
    <subfield code="0">0</subfield>
    <subfield code="1">0</subfield>
    <subfield code="4">0</subfield>
    <subfield code="7">0</subfield>
    <subfield code="a">NASSDOC</subfield>
    <subfield code="b">NASSDOC</subfield>
    <subfield code="d">2024-05-17</subfield>
    <subfield code="e">Overseas press India Pvt Ltd</subfield>
    <subfield code="g">9001.78</subfield>
    <subfield code="i">20-03-24</subfield>
    <subfield code="l">0</subfield>
    <subfield code="o">305.4095492 NAH-C</subfield>
    <subfield code="p">54286</subfield>
    <subfield code="r">2024-05-17 00:00:00</subfield>
    <subfield code="v">13848.90</subfield>
    <subfield code="w">2024-05-17</subfield>
    <subfield code="y">BK</subfield>
  </datafield>
</record>
